| 000 | 00458ntaaa2200181 4500 | ||
|---|---|---|---|
| 003 | 01 | ||
| 005 | 20251027203122.0 | ||
| 008 | 0714s1973 ag 01 | ||
| 040 |
_aAR-BaBN _bspa _cAR-BaBN _eaacr _dRIC |
||
| 082 | _a260.0000 Ad1 | ||
| 100 |
_aAdams, Edwin _932748 |
||
| 245 | _aUnidad y diversidad en la Iglesia de Dios | ||
| 250 |
_a1 ed. : _bLibrerÃa Centroamericana, _cs.f. |
||
| 300 | _a40 p | ||
| 650 |
_aAutor _923984 |
||
| 650 | _aIglesia | ||
| 942 | _cBK | ||
| 999 |
_c26647 _d26647 |
||